• 首页
  • 本馆介绍
  • 公告通知
  • 最新文献
  • 馆藏检索
  • 电子资源
  • 读者导购
  • 参考咨询
  • 我的图书馆
  • 登录
  • 详细信息显示
  • 放入我的书架
  • 预约/预借图书
  • 作者相关作品
  • 分类相关作品
  • 丛书相关作品
  • 出版社相关作品

书目信息

  • 表格格式
  • 工作单格式
  • 卡片格式
题名:
中国民间剪纸史
    
 
作者: 王伯敏 著
分册:  
出版信息: 杭州   中国美术学院出版社  2006
页数: 763页
开本: 26cm
丛书名:
单 册:
中图分类: J528.1
科图分类:
主题词: 剪纸--工艺美术史--中国
电子资源:
ISBN: 7-81083-514-9
000 00823nam0 2200229 450
001 010012006098542
005 20070801171540.26
010    @a7-81083-514-9@dCNY180.00
100    @a20061223d2006 em y0chiy0110 ea
101 0  @achi
102    @aCN@b330000
105    @aa z 000yy
200 1  @a中国民间剪纸史@9zhong guo min jian jian zhi shi@f王伯敏著
210    @a杭州@c中国美术学院出版社@d2006
215    @a763页@c图,照片@d26cm
330    @a本书试从农耕文化这一脉络,论述民间剪纸的产生、传承与发展。具体章节包括剪纸产生的前期、剪纸的产生、北朝剪纸的出土、历代著录的剪纸、历代现存(出土)的剪纸等。
510 1  @aHistory of Chinese folk paper-cut arts@zeng
606 0  @a剪纸@x工艺美术史@y中国
690    @aJ528.1@v4
701  0 @a王伯敏@9wang bo min@4著
801  0 @aCN@bRENTIAN@c20070801
905    @a10447@dJ528.1@e259
    
    中国民间剪纸史/王伯敏著.-杭州:中国美术学院出版社,2006
    763页:图,照片;26cm
    
    
    ISBN 7-81083-514-9:CNY180.00
    本书试从农耕文化这一脉络,论述民间剪纸的产生、传承与发展。具体章节包括剪纸产生的前期、剪纸的产生、北朝剪纸的出土、历代著录的剪纸、历代现存(出土)的剪纸等。
●
相关链接 在E读中查询图书 在五车中查询图书 在当当中查询图书 在豆瓣中查询图书


正题名:中国民间剪纸史     索取号:J528.1/259         预约/预借

序号 登录号 条形码 馆藏地/架位号 状态 备注
1 0800509   208005095   第一样本阅览室/ [索取号:J528.1/259] 在馆    
唐山师范学院图书馆 欢迎您!
大连网信软件有限公司© 版权所有